000 00429nam a2200181Ia 4500
005 20250423101631.0
008 250422s9999 xx 000 0 und d
020 _a9780415008518
050 _aHT 165.5 .A43/
100 _aAmbrose, Peter
245 0 _aUrban process and power
260 _aNew York
260 _bRoutledge
260 _c2004
300 _a245 p
650 _aCity planning. Urban policy.
942 _cBK
999 _c36820
_d36820